| 000 | 00900nam a2200289Ia 4500 | ||
|---|---|---|---|
| 001 | Para_9427 | ||
| 003 | CHAP | ||
| 008 | 220125s2008 xx 000 0 und d | ||
| 010 | _a208124 | ||
| 040 | _cCHAP | ||
| 090 | _aTESIS 2155 | ||
| 100 |
_aOrtega Rodríguez, Guillermina _983865 |
||
| 245 |
_aMétodo rápido para la discriminació de Thrips palmi Karny por PCR / _c por Guillermina Ortega Rodríguez |
||
| 260 |
_aChapingo, Méx. : _b el autor |
||
| 300 | _a105 h. | ||
| 502 | _aTesis (M.C. en Protección Vegetal) UACh. Departamento Parasitología Agrícola | ||
| 650 |
_aFrankliniella _943042 |
||
| 650 |
_aTrips _9164497 |
||
| 710 |
_aUACh. Departamento Parasitología Agrícola _9164025 |
||
| 901 | _aTESIS 2155 | ||
| 902 | _aM | ||
| 905 | _a0000002008 a 0000000000 00 | ||
| 910 | _a2008 | ||
| 942 | _cPARA | ||
| 942 |
_cPARA _d2 |
||
| 999 |
_c208124 _d208124 |
||